| Tag |
First Indicator |
Second Indicator |
Subfields |
| LEADER |
00000cam a2200000 4500 |
| 001 |
in00000057454 |
| 005 |
20151007082130.0 |
| 008 |
740801s1958 eng u |
| 010 |
|
|
|a 58006042
|
| 035 |
|
|
|a (OCoLC)00971073
|
| 035 |
|
|
|9 AAF7416AM
|
| 040 |
|
|
|c ITD
|d TXA
|d UtOrBLW
|
| 049 |
|
|
|a TXAM
|c [294362]
|
| 050 |
0 |
0 |
|a HB881
|b .P48
|
| 082 |
0 |
|
|a 312
|a 301.32*
|
| 092 |
|
|
|a 312
|b P538p
|
| 100 |
1 |
|
|a Phelps, Harold A.
|q (Harold Augustus),
|d 1898-
|
| 245 |
1 |
0 |
|a Population in its human aspects /
|c by Harold A. Phelps and David Henderson.
|
| 264 |
|
1 |
|a New York :
|b Appleton-Century-Crofts,
|c [1958]
|
| 300 |
|
|
|a 512 pages :
|b illustrations ;
|c 24 cm.
|
| 336 |
|
|
|a text
|b txt
|2 rdacontent
|
| 337 |
|
|
|a unmediated
|b n
|2 rdamedia
|
| 338 |
|
|
|a volume
|b nc
|2 rdacarrier
|
| 490 |
1 |
|
|a Appleton-Century-Crofts sociology series
|
| 650 |
|
0 |
|a Population.
|
| 700 |
1 |
|
|a Henderson, David,
|d 1916-
|
| 830 |
|
0 |
|a ACC sociology series.
|
| 999 |
|
|
|a MARS
|
| 999 |
f |
f |
|s c9b9f5b9-4576-3d4a-a905-463b460e7ac5
|i ce412f94-0000-396a-8868-466955b4a06d
|t 0
|
| 952 |
f |
f |
|p ric
|a Texas A&M University
|b Rellis Campus
|c Joint Library Facility
|d Remote Storage
|t 0
|e HB881 .P48
|h Library of Congress classification
|i unmediated -- volume
|m A14800654814
|
| 998 |
f |
f |
|a HB881 .P48
|t 0
|l Remote Storage
|